| 000 | 00518nam a22001577a 4500 | ||
|---|---|---|---|
| 008 | 131129b xxu||||| |||| 00| 0 eng d | ||
| 020 | _a0679454918 | ||
| 050 | _aSPC DT30.5.K36 2001 | ||
| 100 |
_aKapuscinski, Ryszard _94402 |
||
| 245 | _aThe Shadow of the sun | ||
| 260 |
_aNew York _bAlfred A. Knopf _c2001 |
||
| 300 |
_a325p.; _c21cm |
||
| 650 |
_aAfrica - History - 1960-; Africa - Politics - 1960-; Africa - Social conditions - 1960- _94403 |
||
| 700 |
_aGlowczewska, Klara (tr) _94404 |
||
| 942 |
_2lcc _cMONOGRAPH |
||
| 999 |
_c118850 _d118850 |
||